| 000 | 00518nam a2200193Ia 4500 | ||
|---|---|---|---|
| 003 | GCL | ||
| 008 | 140319s9999 xx 000 0 eng d | ||
| 040 |
_aGCL / _cGCL |
||
| 082 | 0 | 4 |
_a338.479 _bT C |
| 100 | 1 | _aTRIBE, JOHN | |
| 245 | 1 | 0 |
_aCORPORATE STRATEGY FOR TOURISM / _cTRIBE, JOHN |
| 260 |
_a[S.N] : _bINTERNATIONAL THOMSON BUSINESS PRESS ، _c1997 |
||
| 300 | _a214 P | ||
| 650 | 0 | 4 | _aTOURIST TRADE |
| 650 | 0 | 4 | _aTOURISM |
| 650 | 0 | 4 | _aTOURISM - PLANNING |
| 650 | 0 | 4 | _aTOURISM - DEVELOPMENT |
| 942 |
_2ddc _cBK |
||
| 999 |
_c15821 _d15821 |
||